000 01307njm a2200289 i 4500
001 5000
003 ES-MaACL
005 20250801034654.0
007 s|r|||||||||||
008 070907s1983 sp ||| g ||||||||1|nspa d
100 1 _aYnduráin, Francisco,
_d1910-1994
_9117648
245 1 0 _aOrtega y el teatro
_h[Grabación sonora] /
_cinterviene Francisco Ynduráin ; presenta José Gerardo Manrique de Lara.
260 _aMadrid :
_bAteneo de Madrid,
_c1983.
300 _a1 disco (CD-DA) (52 min. 51 seg.) ;
_c12 cm.
490 1 _aCentenario del nacimiento de José Ortega y Gasset
500 _aDatos basados en la invitación.
518 _aActo organizado por el Ateneo de Madrid y dirigido por Antonio Rodríguez Huéscar, grabado en el salón de actos el viernes, 9 de diciembre de 1983, a las 20:00 h.
600 1 4 _aOrtega y Gasset, José,
_d1883-1955-
_vHomenajes
_987506
610 2 4 _aAteneo de Madrid-
_xActos culturales-
_y1983-
_vGrabaciones sonoras.
_91897
700 1 _aRodríguez Huéscar, Antonio.
_998579
700 1 _aManrique de Lara, José Gerardo,
_d1922-2001
_976104
710 2 _aAteneo de Madrid.
_91875
830 0 _aCentenario del nacimiento de José Ortega y Gasset
_9176750
852 _aES-MaACL
_jROT 5/6/27
_95117
_cROT
942 _2udc
999 _c5000
_d5000